Statistics for Which 10 countries export the most chocolate?

Click here to take the quiz!

General Stats

  • This quiz has been taken 19 times
  • The average score is 9 of 10

Answer Stats

HintAnswer% Correct
2.6% of total chocolate exportsSwitzerland
100%
11% of total chocolate exportsBelgium
95%
17% of total chocolate exportsGermany
95%
3.5% of total chocolate exportsunited kingdom
95%
4.9% of total chocolate exportsunited states
95%
4.6% of total chocolate exportsFrance
89%
7.3% of total chocolate exportsItaly
84%
6.4% of total chocolate exportsNetherlands
79%
5.6% of total chocolate exportsCanada
74%
7.3% of total chocolate exportsPoland
74%

Score Distribution

Percentile by Number Answered

Percent of People with Each Score

Your Score History

You have not taken this quiz